Apertura comercial y ajuste de las empresas/

Guardado en:
Bibliografiske detaljer
Hovedforfatter: Camacho Mejía, Edna
Andre forfattere: González Vega, Claudio
Format: Ukendt
Udgivet: San José: Academia de Centroamérica. CINDE
Fag:
Tags: Tilføj Tag
Ingen Tags, Vær først til at tagge denne postø!

MARC

LEADER 00000 a2200000 04500
001 10281
003
008 991231s d
040
090 |a 135610  
100 1 |a Camacho Mejía, Edna 
245 |a Apertura comercial y ajuste de las empresas/  |c Edna Camacho Mejía 
260 |a San José:   |b Academia de Centroamérica. CINDE  
300 |a xv, 262 p  
650 |a COSTA RICA  
650 |a ESTABILIZACION ECONOMICA  
650 |a MERCADO  
650 |a COMERCIO INTERNACIONAL  
650 |a EXPORTACIONES  
700 |a   
700 |a González Vega, Claudio  
700 |a   
999 |c 4989  |d 4989